00497nam a22001697a 450000500170000001000150001702000260003203500140005803700130007208200080008510000200009324500770011325000060019026000520019627000580024830000210030620220721155643.0 aENG-133810 a9789389109023c299.00 aEN-117342 bDBAD/PUB a920 aSachdeva, Bobby aStories of us:bthe common man changing perceptions /cby Bobby Sachdeva a  aNew DelhibPan Macmillan Publishing Indiac2019 a707, Kailash Building 26 K.G. MargbNew Delhie110001 a244p.c20cm(pbk)